MARC

LEADER 00000cam a2200000 7i4500
001 0000001003
005 20131207.0
020 0 0 |a 9679310272 
090 0 0 |a 026.0959   |b SEM 1993 
110 1 0 |a SEMINAR on "Introduction to ASEAN Librarianship : Special Libraries"   |k 1988   |j Kuala Lumpur 
245 1 0 |a Introduction to ASEAN librarianship :   |b Special libraries   |c chief editor Shahar Banun Jaafar, editors Norpishah Mohd. Noor ... [et al.] 
260 0 0 |a Kuala Lumpur :   |b [Perpustakaan Negara Malaysia] ,   |c 1993 
300 |a iii, 134 p. :   |b col. maps ;   |c 25 cm. 
500 0 0 |a Bibliography : [p. 133-134] 
650 0 0 |a Libraries, Special   |z Asean countries   |x Congresses 
650 0 0 |a Libraries, Special   |z Asia, Southeastern   |x Congresses 
700 0 1 |a Norpishah Mohd. Noor 
700 0 1 |a Shahar Banun Jaafar 
710 1 1 |a ASEAN Committee on Culture and Information 
998 |a JPSM 
999 |a 0000000439   |b Monograph   |c Open Shelf   |e Default branch